000 00390cam a2200157ua 4500
041 _aeng
_h
082 _a824
_bBEL/ST
100 _aBellocs, Hilaire .
245 _aStories, essays and poems /
_cHilaire Belloc.
_hTextual Documents
250 _a1 /
_b.
260 _aLondon :
_bJ M Dent and Sons Ltd ,
_c1957.
300 _a438 ; .
504 _a
942 _cBK
999 _c7051
_d7051